[Event "ARG-ch U18"]
[Site "Ibague"]
[Date "2024.03.16"]
[Round "4"]
[White "Cuartas Lozano, Santiago"]
[Black "Hurtado Paez, Andres Jesus"]
[Result "1-0"]
[WhiteElo "1632"]
[BlackElo "1821"]
[PlyCount "36"]
[EventDate "2024.03.14"]
[EventType "swiss"]
[EventRounds "7"]
[EventCountry "COL"]
[SourceTitle "CB12_2024"]
[SourceDate "2023.10.01"]
[SourceVersion "1"]
[SourceVersionDate "2023.10.01"]
[SourceQuality "1"]

1. e4 e5 2. Nf3 Nc6 3. d4 exd4 4. Nxd4 Qf6 5. Be3 Bc5 6. c3 Qg6 7. Nd2 Nf6 8. f3 d6 9. Qe2 Bd7 10. Nc4 d5 11. Nxc6 Bxe3 12. N6e5 Qh6 13. Nxe3 dxe4 14. Nxd7 Nxd7 15. Nf5 Qg5 16. Qxe4+ Kf8 17. h4 Qf6 18. 0-0-0 Re8 1-0

[Event "ARG-ch U18"]
[Site "Ibague"]
[Date "2024.03.16"]
[Round "5"]
[White "Hurtado Paez, Andres Jesus"]
[Black "Tapiero Lozano, Harrison Geronimo"]
[Result "1-0"]
[WhiteElo "1821"]
[BlackElo "1528"]
[PlyCount "67"]
[EventDate "2024.03.14"]
[EventType "swiss"]
[EventRounds "7"]
[EventCountry "COL"]
[SourceTitle "CB12_2024"]
[SourceDate "2023.10.01"]
[SourceVersion "1"]
[SourceVersionDate "2023.10.01"]
[SourceQuality "1"]

1. e4 c5 2. Nc3 d6 3. Bb5+ Nc6 4. Bxc6+ bxc6 5. f4 g6 6. Nf3 Bg7 7. 0-0 Nf6 8. d3 0-0 9. Qe1 h5 10. Ng5 d5 11. e5 Nh7 12. Nf3 Qb6 13. Qf2 Bg4 14. Na4 Qb5 15. Nxc5 Bxf3 16. a4 Qb6 17. gxf3 Rfd8 18. d4 Nf8 19. c3 a5 20. f5 Nd7 21. Nxd7 Rxd7 22. Kh1 Rf8 23. Rg1 Bxe5 24. fxg6 Rd6 25. gxf7+ Kxf7 26. Qh4 Bf6 27. Qxh5+ Ke6 28. Qg4+ Kf7 29. Bf4 Rdd8 30. Qg6+ Ke6 31. Rae1+ Kd7 32. Qf5+ Ke8 33. Bh6 Rh8 34. Qxf6 1-0

[Event "ARG-ch U18"]
[Site "Ibague"]
[Date "2024.03.15"]
[Round "3"]
[White "Hurtado Paez, Andres Jesus"]
[Black "Anillo Trespalacios, Daniel David"]
[Result "1/2-1/2"]
[WhiteElo "1821"]
[BlackElo "1610"]
[PlyCount "95"]
[EventDate "2024.03.14"]
[EventType "swiss"]
[EventRounds "7"]
[EventCountry "COL"]
[SourceTitle "CB12_2024"]
[SourceDate "2023.10.01"]
[SourceVersion "1"]
[SourceVersionDate "2023.10.01"]
[SourceQuality "1"]

1. e4 g6 2. d4 Bg7 3. Bf4 Nc6 4. Nf3 Nf6 5. Nc3 d5 6. e5 Ne4 7. Bd3 Bf5 8. Qe2 Nxc3 9. bxc3 Bxd3 10. Qxd3 Qd7 11. Nd2 0-0 12. Qe3 Qf5 13. Rc1 Nd8 14. f3 Ne6 15. Bh6 Bxh6 16. Qxh6 Nf4 17. g4 Ng2+ 18. Kf2 Qf4 19. Qxf4 Nxf4 20. Ke3 g5 21. Rb1 b6 22. Kf2 f6 23. exf6 Rxf6 24. Rhe1 Ng6 25. Re3 Raf8 26. Rbe1 Rc6 27. Nf1 Rc4 28. Ng3 e5 29. Nf5 e4 30. fxe4 Nh4 31. Ke2 Ng2 32. Kd3 Nxe1+ 33. Rxe1 Re8 34. e5 Re6 35. Ne3 b5 36. Nxd5 c6 37. Nf6+ Kg7 38. Ne4 Kg6 39. Nc5 Re7 40. e6 Rxc5 41. dxc5 Kf6 42. a3 Rxe6 43. Rxe6+ Kxe6 44. Kd4 Kf6 45. h3 h6 46. Ke4 a6 47. Kd4 a5 48. Ke4 1/2-1/2

[Event "Medellin de La Raza op"]
[Site "Medellin"]
[Date "2023.10.16"]
[Round "9"]
[White "Velandia, Wilson"]
[Black "Hurtado Paez, Andres Jesus"]
[Result "1/2-1/2"]
[WhiteElo "1564"]
[BlackElo "1690"]
[PlyCount "26"]
[EventDate "2023.10.12"]
[EventType "swiss"]
[EventRounds "10"]
[EventCountry "COL"]
[SourceTitle "Mega2024 Update 01"]
[Source "Chessbase"]
[SourceDate "2023.11.12"]
[SourceVersion "1"]
[SourceVersionDate "2023.11.12"]
[SourceQuality "1"]

1. c3 d5 2. d4 Nf6 3. Bf4 e6 4. Nf3 Bd6 5. Bg3 Nbd7 6. e3 0-0 7. Nbd2 b6 8. Bd3 Bb7 9. Qc2 a5 10. a4 h6 11. Ne5 Ba6 12. Nc6 Bxd3 13. Qxd3 Qe8 1/2-1/2

[Event "Bucaramanga op"]
[Site "Bucaramanga"]
[Date "2023.09.09"]
[Round "7"]
[White "Caballero Marrugo, David Jose"]
[Black "Hurtado Paez, Andres Jesus"]
[Result "1-0"]
[WhiteElo "2087"]
[BlackElo "1624"]
[PlyCount "62"]
[EventDate "2023.09.06"]
[EventType "swiss"]
[EventRounds "9"]
[EventCountry "COL"]
[SourceTitle "EXT 2024"]
[Source "ChessBase"]
[SourceDate "2023.10.10"]
[SourceVersion "1"]
[SourceVersionDate "2023.10.10"]
[SourceQuality "1"]

1. d4 d5 2. Nf3 e6 3. g3 Nf6 4. c4 b6 5. cxd5 Nxd5 6. Bg2 Bb7 7. 0-0 Be7 8. Re1 0-0 9. e4 Nf6 10. Nc3 Nbd7 11. Bf4 Bb4 12. Qc2 c5 13. Rad1 cxd4 14. Rxd4 Bc5 15. Rd2 Rc8 16. a3 a5 17. Qd1 Qe8 18. e5 Nd5 19. Nxd5 Bxd5 20. Ng5 h6 21. Ne4 Be7 22. Qg4 Bxe4 23. Bxe4 f5 24. exf6 Rxf6 25. Bd3 Nc5 26. Bc4 Rg6 27. Qh3 b5 28. Rxe6 bxc4 29. Rxg6 Qxg6 30. Qxc8+ Kh7 31. Qc7 Bf8 1-0

[Event "Bucaramanga op"]
[Site "Bucaramanga"]
[Date "2023.09.07"]
[Round "3"]
[White "Sanchez Castellanos, German Alex"]
[Black "Hurtado Paez, Andres Jesus"]
[Result "1/2-1/2"]
[WhiteElo "2105"]
[BlackElo "1624"]
[PlyCount "96"]
[EventDate "2023.09.06"]
[EventType "swiss"]
[EventRounds "9"]
[EventCountry "COL"]
[SourceTitle "EXT 2024"]
[Source "ChessBase"]
[SourceDate "2023.10.10"]
[SourceVersion "1"]
[SourceVersionDate "2023.10.10"]
[SourceQuality "1"]

1. d4 e6 2. Bf4 d5 3. e3 Bd6 4. Qg4 Qf6 5. Bxd6 cxd6 6. Nc3 Qg6 7. Qe2 a6 8. Nh3 Nc6 9. Nf4 Qf6 10. 0-0-0 Bd7 11. h4 Nge7 12. g4 g6 13. g5 Qg7 14. Bh3 0-0-0 15. Qd2 Kb8 16. e4 dxe4 17. Nxe4 d5 18. Nc5 Nf5 19. Bxf5 gxf5 20. Nh5 Qf8 21. Qf4+ Ka7 22. Rh3 Bc8 23. Qc7 Qe7 24. Qxe7 Nxe7 25. Nd3 Nc6 26. c3 e5 27. f4 exd4 28. cxd4 h6 29. Ne5 Be6 30. Nxc6+ bxc6 31. Rdd3 Rc8 32. Rc3 hxg5 33. hxg5 Kb6 34. b4 Rh7 35. Nf6 Rxh3 36. Rxh3 Kb5 37. Re3 Rh8 38. g6 Rh1+ 39. Kb2 Rg1 40. gxf7 Bxf7 41. Re7 Bg6 42. Rb7+ Kc4 43. Rb6 Kxd4 44. Rxc6 Rg2+ 45. Ka3 Rf2 46. Rxa6 Rxf4 47. Nxd5 Rf3+ 48. Kb2 Bf7 1/2-1/2

[Event "Bucaramanga op"]
[Site "Bucaramanga"]
[Date "2023.09.06"]
[Round "1"]
[White "Solano Trillos, Thaliana"]
[Black "Hurtado Paez, Andres Jesus"]
[Result "1/2-1/2"]
[WhiteElo "1369"]
[BlackElo "1624"]
[PlyCount "72"]
[EventDate "2023.09.06"]
[EventType "swiss"]
[EventRounds "9"]
[EventCountry "COL"]
[SourceTitle "EXT 2024"]
[Source "ChessBase"]
[SourceDate "2023.10.10"]
[SourceVersion "1"]
[SourceVersionDate "2023.10.10"]
[SourceQuality "1"]

1. e4 e6 2. d4 d5 3. Bd3 dxe4 4. Bxe4 Nf6 5. Bf3 c5 6. Ne2 Nbd7 7. 0-0 Be7 8. c4 cxd4 9. Nxd4 0-0 10. Be3 e5 11. Nf5 Bc5 12. Bxc5 Nxc5 13. Nd6 e4 14. Be2 Qb6 15. Nxc8 Raxc8 16. Qc2 Nd3 17. Nd2 Nb4 18. Qb3 Qc5 19. Rac1 Nc6 20. Rfd1 Nd4 21. Qe3 Qe5 22. Bf1 Nf5 23. Qh3 Rcd8 24. Qc3 Qxc3 25. Rxc3 e3 26. fxe3 Ne4 27. Rd3 Nc5 28. Rxd8 Rxd8 29. Kf2 Nd3+ 30. Ke2 Nb4 31. a3 Nc2 32. e4 Nfd4+ 33. Kf2 Nb3 34. Ke2 Ncd4+ 35. Ke3 Nc2+ 36. Ke2 Ncd4+ 1/2-1/2

[Event "COL-ch U18"]
[Site "Bogota"]
[Date "2023.05.14"]
[Round "6"]
[White "Hurtado Paez, Andres Jesus"]
[Black "Moreno Hernandez, Andres Mauricio"]
[Result "1-0"]
[WhiteElo "1590"]
[BlackElo "1470"]
[PlyCount "61"]
[EventDate "2023.05.11"]
[EventType "swiss"]
[EventRounds "7"]
[EventCountry "COL"]
[SourceTitle "CBM 214 Extra"]
[Source "ChessBase"]
[SourceDate "2023.07.31"]
[SourceVersion "1"]
[SourceVersionDate "2023.07.31"]
[SourceQuality "1"]

1. e4 c6 2. d4 d5 3. exd5 cxd5 4. c3 Nf6 5. Nf3 Nc6 6. Bf4 e6 7. Bd3 Bd6 8. Bg3 Bxg3 9. hxg3 Qc7 10. Qe2 h6 11. Nbd2 Bd7 12. Ne5 Nxe5 13. dxe5 Ng8 14. Nf3 Ne7 15. 0-0 0-0 16. Rfe1 Rac8 17. g4 Ng6 18. Bxg6 fxg6 19. g5 h5 20. Nd4 Rf7 21. Qc2 Kh7 22. Re3 Rcf8 23. Rh3 Rxf2 24. Rxh5+ Kg8 25. Qxg6 R8f7 26. Qh7+ Kf8 27. g6 R7f4 28. Qh8+ Ke7 29. Qxg7+ Kd8 30. Rh8+ Be8 31. Nxe6+ 1-0

[Event "COL-ch U18"]
[Site "Bogota"]
[Date "2023.05.13"]
[Round "5"]
[White "Negron Lizarazo, Juan Sebastian"]
[Black "Hurtado Paez, Andres Jesus"]
[Result "1/2-1/2"]
[WhiteElo "1587"]
[BlackElo "1590"]
[PlyCount "118"]
[EventDate "2023.05.11"]
[EventType "swiss"]
[EventRounds "7"]
[EventCountry "COL"]
[SourceTitle "CBM 214 Extra"]
[Source "ChessBase"]
[SourceDate "2023.07.31"]
[SourceVersion "1"]
[SourceVersionDate "2023.07.31"]
[SourceQuality "1"]

1. d4 d5 2. Nf3 e6 3. e3 c5 4. Bd3 Nf6 5. 0-0 Be7 6. b3 cxd4 7. exd4 0-0 8. Nbd2 b6 9. Bb2 Bb7 10. Qe2 Nc6 11. a3 Bd6 12. Ne5 Ne7 13. f4 Ng6 14. Rf3 Re8 15. Raf1 Ne4 16. Nxe4 dxe4 17. Bxe4 Bxe4 18. Qxe4 f5 19. Qe2 Bxe5 20. dxe5 Rc8 21. c4 Qe7 22. g3 Rcd8 23. Rd1 Qc5+ 24. Kg2 Qc6 25. Bd4 Rd7 26. Kg1 a6 27. Bf2 Rxd1+ 28. Qxd1 b5 29. Rc3 Re7 30. Qd6 Qe4 31. Qd3 Qb7 32. c5 Qc6 33. Qd6 Qe4 34. Qd4 Qxd4 35. Bxd4 Rc7 36. Bf2 Ne7 37. Rc2 Kf7 38. b4 Nd5 39. Be1 h6 40. a4 Ne3 41. Ra2 Nc4 42. axb5 axb5 43. Ra8 Rb7 44. Rc8 Ne3 45. Bf2 Nd5 46. c6 Rc7 47. Rxc7+ Nxc7 48. Bc5 g6 49. Kf2 Ke8 50. h4 h5 51. Ke3 Na6 52. Bd6 Kd8 53. Kd4 Kc8 54. Kd3 Kd8 55. Ke3 Kc8 56. Kf3 Kd8 57. Ke2 Kc8 58. Kd3 Kd8 59. Kd4 Kc8 1/2-1/2

[Event "Bucaramanga Santander-ch"]
[Site "Bucaramanga"]
[Date "2023.04.02"]
[Round "6"]
[White "Caicedo Solano, Eduardo"]
[Black "Hurtado Paez, Andres Jesus"]
[Result "1-0"]
[WhiteElo "1822"]
[BlackElo "1580"]
[PlyCount "56"]
[EventDate "2023.03.31"]
[EventType "swiss"]
[EventRounds "7"]
[EventCountry "COL"]
[SourceTitle "CBM 213 Extra"]
[Source "ChessBase"]
[SourceDate "2023.05.31"]
[SourceVersion "1"]
[SourceVersionDate "2023.05.31"]
[SourceQuality "1"]

1. e4 e6 2. d4 d5 3. exd5 exd5 4. Nf3 Nc6 5. Bd3 Nb4 6. 0-0 Nxd3 7. Qxd3 Nf6 8. Re1+ Be7 9. a4 0-0 10. Nbd2 Bd6 11. b3 h6 12. Ba3 Bxa3 13. Rxa3 Bg4 14. Ne5 Re8 15. Raa1 Bh5 16. f3 Nd7 17. Qf5 Nxe5 18. Qxh5 Nc6 19. c3 Qd6 20. Qf5 g6 21. Qd3 Qf4 22. g3 Qf6 23. Kg2 Re6 24. Re3 Rae8 25. Rae1 Kg7 26. b4 g5 27. g4 Ne7 28. Rxe6 fxe6 1-0

[Event "Bucaramanga Santander-ch"]
[Site "Bucaramanga"]
[Date "2023.04.02"]
[Round "7"]
[White "Hurtado Paez, Andres Jesus"]
[Black "Gonzalez Bolivar, Juan Jose"]
[Result "0-1"]
[WhiteElo "1580"]
[BlackElo "1519"]
[PlyCount "42"]
[EventDate "2023.03.31"]
[EventType "swiss"]
[EventRounds "7"]
[EventCountry "COL"]
[SourceTitle "CBM 213 Extra"]
[Source "ChessBase"]
[SourceDate "2023.05.31"]
[SourceVersion "1"]
[SourceVersionDate "2023.05.31"]
[SourceQuality "1"]

1. e4 e5 2. Nf3 Nc6 3. d4 exd4 4. Nxd4 Bc5 5. Nxc6 bxc6 6. Bd3 d6 7. 0-0 Ne7 8. Qh5 0-0 9. Nc3 d5 10. exd5 g6 11. Qe5 f6 12. Qg3 cxd5 13. Bh6 Rf7 14. Rad1 c6 15. h4 Nf5 16. Qf4 Bd6 17. Qd2 Nxh4 18. Bf4 Bh3 19. Bg3 Nxg2 20. Kh2 Nh4 21. Kxh3 Qd7+ 0-1

[Event "Bucaramanga Santander-ch"]
[Site "Bucaramanga"]
[Date "2023.04.01"]
[Round "5"]
[White "Albarracin Ramirez, Jose Luis"]
[Black "Hurtado Paez, Andres Jesus"]
[Result "0-1"]
[WhiteElo "1600"]
[BlackElo "1580"]
[PlyCount "56"]
[EventDate "2023.03.31"]
[EventType "swiss"]
[EventRounds "7"]
[EventCountry "COL"]
[SourceTitle "CBM 213 Extra"]
[Source "ChessBase"]
[SourceDate "2023.05.31"]
[SourceVersion "1"]
[SourceVersionDate "2023.05.31"]
[SourceQuality "1"]

1. d4 d5 2. Bf4 e6 3. Nf3 Bd6 4. Ne5 Nf6 5. e3 0-0 6. Bd3 c5 7. c3 Nc6 8. Nd2 Ne7 9. Ndf3 b6 10. 0-0 Bb7 11. Rc1 Nf5 12. g4 Bxe5 13. Nxe5 Nd6 14. f3 Nd7 15. Bb1 f6 16. Ng6 hxg6 17. Bxd6 Kf7 18. Bxf8 Qxf8 19. e4 Qd6 20. Qd3 Qf4 21. exd5 Bxd5 22. Qxg6+ Kg8 23. Qh7+ Kf7 24. Be4 Nf8 25. Qh5+ g6 26. Qh3 Qe3+ 27. Kh1 Bxe4 28. fxe4 Qxh3 0-1

[Event "Bucaramanga Santander-ch"]
[Site "Bucaramanga"]
[Date "2023.04.01"]
[Round "4"]
[White "Hurtado Paez, Andres Jesus"]
[Black "Rivera Suarez, Cesar Dario"]
[Result "1/2-1/2"]
[WhiteElo "1580"]
[BlackElo "1800"]
[PlyCount "29"]
[EventDate "2023.03.31"]
[EventType "swiss"]
[EventRounds "7"]
[EventCountry "COL"]
[SourceTitle "CBM 213 Extra"]
[Source "ChessBase"]
[SourceDate "2023.05.31"]
[SourceVersion "1"]
[SourceVersionDate "2023.05.31"]
[SourceQuality "1"]

1. e4 e5 2. Nf3 Nc6 3. d4 exd4 4. Nxd4 Bc5 5. Nxc6 bxc6 6. Bd3 Nf6 7. 0-0 d6 8. Nc3 a5 9. Bg5 Rb8 10. Rb1 0-0 11. Na4 Bd4 12. c3 Ba7 13. h3 Qe7 14. Qf3 Kh8 15. b3 1/2-1/2

[Event "Bucaramanga Santander-ch"]
[Site "Bucaramanga"]
[Date "2023.03.31"]
[Round "2"]
[White "Hurtado Paez, Andres Jesus"]
[Black "Guerrero, Gabriel"]
[Result "1-0"]
[WhiteElo "1580"]
[BlackElo "1957"]
[PlyCount "95"]
[EventDate "2023.03.31"]
[EventType "swiss"]
[EventRounds "7"]
[EventCountry "COL"]
[SourceTitle "CBM 213 Extra"]
[Source "ChessBase"]
[SourceDate "2023.05.31"]
[SourceVersion "1"]
[SourceVersionDate "2023.05.31"]
[SourceQuality "1"]

1. e4 c5 2. Nf3 Nc6 3. d4 cxd4 4. Nxd4 e5 5. Nxc6 bxc6 6. Bd3 Nf6 7. 0-0 d5 8. exd5 cxd5 9. Bg5 Be7 10. Bb5+ Kf8 11. Nc3 d4 12. Ne2 Bb7 13. f3 h6 14. Bh4 Nd5 15. Bf2 Bg5 16. Qd3 g6 17. f4 Bxf4 18. Qa3+ Kg7 19. Bxd4 exd4 20. Nxf4 Nxf4 21. Rxf4 Qd5 22. Qf3 Qxf3 23. gxf3 Rad8 24. Rd1 f5 25. Kf2 a6 26. Bc4 d3 27. Rxd3 Rxd3 28. Bxd3 Rd8 29. Rb4 Rd7 30. Rb6 h5 31. b4 Bc8 32. a4 Rd4 33. a5 Kh6 34. Rb8 Be6 35. Ke3 Rh4 36. Bxa6 Rxh2 37. b5 Rxc2 38. b6 Kg5 39. b7 Bd5 40. Rc8 Bxb7 41. Rxc2 Bxa6 42. f4+ Kg4 43. Rg2+ Kh3 44. Rxg6 Bb7 45. Kf2 h4 46. a6 Be4 47. Rg8 Kh2 48. a7 1-0

[Event "Bucaramanga op"]
[Site "Bucaramanga"]
[Date "2022.12.18"]
[Round "6"]
[White "Hurtado Paez, Andres Jesus"]
[Black "Rueda Rojas, Richard Alejandro"]
[Result "1-0"]
[WhiteElo "1553"]
[BlackElo "1820"]
[PlyCount "45"]
[EventDate "2022.12.16"]
[EventType "swiss"]
[EventRounds "7"]
[EventCountry "COL"]
[SourceTitle "EXT 2024"]
[Source "ChessBase"]
[SourceDate "2023.10.10"]
[SourceVersion "1"]
[SourceVersionDate "2023.10.10"]
[SourceQuality "1"]

1. e4 d6 2. d4 Nf6 3. Nc3 g6 4. h4 Bg7 5. Be2 h5 6. Bg5 c6 7. Qd2 Qa5 8. Nf3 Nbd7 9. 0-0 0-0 10. Rfe1 e5 11. dxe5 dxe5 12. Bc4 b5 13. Bb3 Bb7 14. Bxf6 Nxf6 15. Qg5 b4 16. Ne2 Kh7 17. Ng3 Ng4 18. Nxh5 gxh5 19. Qxh5+ Nh6 20. Ng5+ Kg8 21. Qg6 Rfc8 22. Bxf7+ Kf8 23. Qd6# 1-0

[Event "Bucaramanga op"]
[Site "Bucaramanga"]
[Date "2022.12.16"]
[Round "1"]
[White "Hurtado Paez, Andres Jesus"]
[Black "Gonzalez Delgado, Hugo Andres"]
[Result "1/2-1/2"]
[WhiteElo "1553"]
[BlackElo "1898"]
[PlyCount "22"]
[EventDate "2022.12.16"]
[EventType "swiss"]
[EventRounds "7"]
[EventCountry "COL"]
[SourceTitle "EXT 2024"]
[Source "ChessBase"]
[SourceDate "2023.10.10"]
[SourceVersion "1"]
[SourceVersionDate "2023.10.10"]
[SourceQuality "1"]

1. e4 c5 2. Nf3 a6 3. Nc3 g6 4. d4 cxd4 5. Qxd4 Nf6 6. Nd5 Bg7 7. Bf4 d6 8. Nxf6+ Bxf6 9. Qa4+ Bd7 10. Qb3 Nc6 11. c3 b5 1/2-1/2

[Event "COL-chT Blitz"]
[Site "Santander"]
[Date "2022.09.10"]
[Round "2.3"]
[White "Hurtado Paez, Andres Jesus"]
[Black "Hernandez Jimenez, Jeronimo"]
[Result "0-1"]
[WhiteElo "1484"]
[BlackElo "2008"]
[PlyCount "86"]
[EventDate "2022.09.10"]
[EventType "team-swiss (blitz)"]
[EventRounds "9"]
[EventCountry "COL"]
[SourceTitle "EXT 2023"]
[Source "ChessBase"]
[SourceDate "2022.10.05"]
[SourceVersion "1"]
[SourceVersionDate "2022.10.05"]
[SourceQuality "1"]
[WhiteTeam "Santander Chessfy"]
[BlackTeam "Cundinamarca"]
[WhiteTeamCountry "COL"]
[BlackTeamCountry "COL"]

1. e4 e5 2. Nf3 Nc6 3. Bc4 Bc5 4. c3 Nf6 5. d3 d6 6. h3 h6 7. Be3 Bxe3 8. fxe3 Ne7 9. Nbd2 0-0 10. 0-0 Ng6 11. d4 c6 12. Qe1 Nxe4 13. Bxf7+ Rxf7 14. Nxe4 d5 15. Ned2 e4 16. Nh2 Rxf1+ 17. Nhxf1 Qg5 18. Qg3 Qxg3 19. Nxg3 Be6 20. Rf1 Ne7 21. Nb3 b6 22. Nh5 Nf5 23. Nf4 Bd7 24. Kf2 Rf8 25. g4 Nd6 26. Ke2 g5 27. Nh5 Rxf1 28. Kxf1 Kf7 29. Nd2 a5 30. a3 Be8 31. Kg2 Ke6 32. Kg3 Bxh5 33. gxh5 Nf5+ 34. Kf2 Ng7 35. Nf1 Nxh5 36. Nh2 Nf6 37. Kg3 Kf5 38. b3 h5 39. h4 gxh4+ 40. Kxh4 Ng4 41. Nxg4 hxg4 42. Kg3 Kg5 43. c4 Kh5 0-1

[Event "COL-chT Blitz"]
[Site "Santander"]
[Date "2022.09.10"]
[Round "7.3"]
[White "Hurtado Paez, Andres Jesus"]
[Black "Zabaleta Mora, Luis Angel"]
[Result "0-1"]
[WhiteElo "1484"]
[BlackElo "1509"]
[PlyCount "54"]
[EventDate "2022.09.10"]
[EventType "team-swiss (blitz)"]
[EventRounds "9"]
[EventCountry "COL"]
[SourceTitle "EXT 2023"]
[Source "ChessBase"]
[SourceDate "2022.10.05"]
[SourceVersion "1"]
[SourceVersionDate "2022.10.05"]
[SourceQuality "1"]
[WhiteTeam "Santander Chessfy"]
[BlackTeam "Cordoba"]
[WhiteTeamCountry "COL"]
[BlackTeamCountry "COL"]

1. e4 b6 2. d4 Bb7 3. c3 Bxe4 4. Nf3 Nf6 5. Bg5 e6 6. Nbd2 Bb7 7. Bd3 Be7 8. 0-0 h6 9. Bxf6 gxf6 10. Be4 Nc6 11. c4 f5 12. Bxc6 Bxc6 13. Nb3 Rg8 14. d5 Bb7 15. Ne5 d6 16. Nf3 Qd7 17. a4 a5 18. Nbd4 e5 19. Nb5 f4 20. Nd2 0-0-0 21. b4 c6 22. dxc6 Bxc6 23. Nf3 Rxg2+ 24. Kxg2 Qg4+ 25. Kh1 Bxf3+ 26. Qxf3 Qxf3+ 27. Kg1 Rg8# 0-1

[Event "COL-chT Blitz"]
[Site "Santander"]
[Date "2022.09.10"]
[Round "4.2"]
[White "Ortiz Perez, Javier Augusto"]
[Black "Hurtado Paez, Andres Jesus"]
[Result "0-1"]
[WhiteElo "2083"]
[BlackElo "1484"]
[PlyCount "80"]
[EventDate "2022.09.10"]
[EventType "team-swiss (blitz)"]
[EventRounds "9"]
[EventCountry "COL"]
[SourceTitle "EXT 2023"]
[Source "ChessBase"]
[SourceDate "2022.10.05"]
[SourceVersion "1"]
[SourceVersionDate "2022.10.05"]
[SourceQuality "1"]
[WhiteTeam "Santander Norgtech CA"]
[BlackTeam "Santander Chessfy"]
[WhiteTeamCountry "COL"]
[BlackTeamCountry "COL"]

1. Nf3 d5 2. b3 Nc6 3. Bb2 Bg4 4. g3 Bxf3 5. exf3 e5 6. Bg2 Nf6 7. 0-0 Bd6 8. Nc3 0-0 9. Re1 d4 10. Ne4 Nxe4 11. fxe4 Be7 12. f4 f5 13. exf5 Rxf5 14. Bxc6 bxc6 15. fxe5 Bc5 16. d3 Qd5 17. Qe2 Re8 18. Qe4 Rfxe5 19. Qxd5+ cxd5 20. Rxe5 Rxe5 21. Kf2 Bb6 22. Re1 Rf5+ 23. Kg2 Kf7 24. g4 Rf6 25. b4 Rc6 26. Re2 Re6 27. Rf2+ Kg6 28. h4 h5 29. g5 Re1 30. Kf3 Re3+ 31. Kg2 Re1 32. Rf1 Re6 33. Bc1 c5 34. a3 cxb4 35. axb4 a5 36. bxa5 Bxa5 37. Bf4 Be1 38. Kh3 Bc3 39. Rf2 Re1 40. Bd6 Rh1+ 0-1

[Event "Bucaramanga Meneses Memorial"]
[Site "Bucaramanga"]
[Date "2022.07.24"]
[Round "7"]
[White "Hurtado Paez, Andres Jesus"]
[Black "Moreno Hernandez, Andres Mauricio"]
[Result "1/2-1/2"]
[WhiteElo "1355"]
[BlackElo "1601"]
[PlyCount "74"]
[EventDate "2022.07.20"]
[EventType "swiss"]
[EventRounds "8"]
[EventCountry "COL"]
[SourceTitle "EXT 2024"]
[Source "ChessBase"]
[SourceDate "2023.10.10"]
[SourceVersion "1"]
[SourceVersionDate "2023.10.10"]
[SourceQuality "1"]

1. e4 e6 2. d4 d5 3. exd5 exd5 4. Bd3 c5 5. c3 Nc6 6. Nf3 cxd4 7. cxd4 Nf6 8. 0-0 Be7 9. Nc3 0-0 10. h3 h6 11. Ne2 Qb6 12. Ng3 Nb4 13. Nf5 Bxf5 14. Bxf5 Rfe8 15. Be3 Bd6 16. Ne5 Qd8 17. Nd3 Nxd3 18. Bxd3 Ne4 19. Qg4 Re6 20. Bxe4 Rxe4 21. Qf5 Re6 22. Kh1 Bc7 23. Rac1 Rf6 24. Qh5 Qd6 25. g3 Qe7 26. Qh4 Re8 27. Rc5 Qd7 28. Rfc1 Bb6 29. R5c3 Qf5 30. Kh2 Rxe3 31. fxe3 Qf2+ 32. Kh1 Qf3+ 33. Kh2 Qe2+ 34. Kg1 Rf2 35. R3c2 Rg2+ 36. Kh1 Rh2+ 37. Kg1 Rg2+ 1/2-1/2

[Event "Bucaramanga Meneses Memorial"]
[Site "Bucaramanga"]
[Date "2022.07.24"]
[Round "8"]
[White "Sepulveda, Lyda Marcela"]
[Black "Hurtado Paez, Andres Jesus"]
[Result "0-1"]
[WhiteElo "1306"]
[BlackElo "1355"]
[PlyCount "47"]
[EventDate "2022.07.20"]
[EventType "swiss"]
[EventRounds "8"]
[EventCountry "COL"]
[SourceTitle "EXT 2024"]
[Source "ChessBase"]
[SourceDate "2023.10.10"]
[SourceVersion "1"]
[SourceVersionDate "2023.10.10"]
[SourceQuality "1"]

1. e4 e5 2. Nf3 Nc6 3. Bc4 Bc5 4. c3 Nf6 5. d4 exd4 6. cxd4 Bb4+ 7. Bd2 Bxd2+ 8. Nbxd2 d5 9. exd5 Nxd5 10. 0-0 0-0 11. h3 Nce7 12. Ne4 Ng6 13. Qd2 Nh4 14. Neg5 h6 15. Nxh4 Qxg5 16. Qxg5 hxg5 17. Nf3 g4 18. hxg4 Bxg4 19. Nh2 Bf5 20. Rad1 Rad8 21. Nf3 Bg4 22. Be2 b6 23. Rc1 Bxf3 24. Bxf3 0-1

[Event "Bucaramanga Meneses Memorial"]
[Site "Bucaramanga"]
[Date "2022.07.22"]
[Round "4"]
[White "Hurtado Paez, Andres Jesus"]
[Black "Sanchez Castellanos, German Alex"]
[Result "0-1"]
[WhiteElo "1355"]
[BlackElo "2117"]
[PlyCount "96"]
[EventDate "2022.07.20"]
[EventType "swiss"]
[EventRounds "8"]
[EventCountry "COL"]
[SourceTitle "EXT 2024"]
[Source "ChessBase"]
[SourceDate "2023.10.10"]
[SourceVersion "1"]
[SourceVersionDate "2023.10.10"]
[SourceQuality "1"]

1. e4 c5 2. Nf3 e6 3. Nc3 a6 4. d4 cxd4 5. Nxd4 Qc7 6. a3 b5 7. Bd3 Nf6 8. Bg5 Bc5 9. Bxf6 gxf6 10. Nb3 Ba7 11. Qf3 Qe5 12. Qg3 Nc6 13. f4 Qc7 14. Qg7 Rf8 15. Qxf6 Bb7 16. Kd2 Rg8 17. g3 Rg6 18. Qh4 Nd4 19. Nxd4 Bxd4 20. f5 Bf6 21. Qh5 Rg5 22. Qe2 Bxc3+ 23. bxc3 Rc8 24. Kc1 Qxc3 25. Ra2 Rxf5 26. exf5 Bxh1 27. fxe6 dxe6 28. Bxh7 Bd5 29. Rb2 Qxa3 30. Qe5 Qa1+ 31. Kd2 Qg1 32. h4 Qf2+ 33. Kc1 f6 34. Qh5+ Ke7 35. Rb1 Qe3+ 36. Kb2 b4 37. Ra1 Qc3+ 38. Kb1 b3 39. Qe2 bxc2+ 40. Bxc2 Rb8+ 41. Kc1 Qxa1+ 42. Kd2 Qd4+ 43. Kc1 Bc4 44. Qf3 Qb2+ 45. Kd1 Rd8+ 46. Ke1 Qxc2 47. Qb7+ Rd7 48. Qb4+ Kf7 0-1